| 000 | 00710nam a2200241 4500 | ||
|---|---|---|---|
| 001 | 1274711 | ||
| 003 | OSt | ||
| 005 | 20140310182119.0 | ||
| 008 | 720516s1972 ilua 001 0 eng | ||
| 010 | _a 75187334 | ||
| 020 | _a0870061436 | ||
| 040 |
_aDLC _cDLC _dDLC |
||
| 050 | 0 | 0 |
_aTT 180 _b.Z54 1972 |
| 082 | 0 | 0 |
_aHS 684 _bZ4 1972 |
| 100 | 1 |
_aZimmerman, Fred W. _913923 |
|
| 245 | 1 | 0 |
_aExploring woodworking : _cFred W. Zimmerman _bbasic fundamentals / |
| 260 |
_aSouth Holland, Ill., _bGoodheart-Willcox Co., _cc1972. |
||
| 300 |
_a208 p. : _bill. ; _c29 cm. |
||
| 650 | 0 |
_aWoodwork (Manual training) _913924 |
|
| 906 |
_a7 _bcbc _corignew _d2 _encip _f19 _gy-gencatlg |
||
| 942 |
_2lcc _cHS |
||
| 999 |
_c9511 _d9511 |
||